| 000 | 00518nam a2200181Ia 4500 | ||
|---|---|---|---|
| 008 | 240925s9999 xx 000 0 und d | ||
| 020 | _a136438261 | ||
| 082 | _a005.758 OPE | ||
| 100 | _aOpen Software Foundation | ||
| 245 | 0 | _aOSP DCE Application Development Guide | |
| 250 | _aNA | ||
| 260 |
_aNew Jersey: _bPrintice- Hall Int. _c,1993. |
||
| 300 |
_axxiii,312p. _bNA _fOriginal |
||
| 500 | _aIncludes Index | ||
| 600 | _aComputer Science | ||
| 650 | _aComputer science, information & general works | ||
| 942 | _cBK | ||
| 999 |
_c4986 _d4986 |
||